000 00775nam a2200253Ia 4500
003 OSt
005 20220926004533.0
006 a|||||r|||| 00| 0
007 ta
008 220923b |||||||| |||| 00| 0 eng d
037 _cGeneral Book
040 _aRTL
_cRTL
_beng
041 _2eng
_aeng
082 _aY9(W)-31.213E.N8, M8
100 _aGurumurthy K G
_9151914
245 0 _aRural development and factional politics
260 _a New Delhi
_bReliance Publishing House
_c1988
300 _axxi,189p
_ccm.
490 _aSociological Publications in Honour of K Ishwaran.1
500 _aBibliography P 181-196
650 _aPolitical Sociology
942 _hY9(W)-31.213E.N8, M8
_cGB
_2CC
999 _c611534
_d611534